000 00705nam a2200289Ia 4500
005 20260324141244.0
008 008 260324s9999 xx 000 0 eng d
020 _a9780203985618
037 _aEBOOK
040 _aCRL
040 _beng
040 _cCRL
041 _2eng
041 _aeng
084 _qCRL
100 _aCarl Bagley; Ron Glatter; Philip Woods
_91205350
245 0 _aChoice and Diversity in Schooling
245 0 _bPerspectives and Prospects
260 _bTaylor and Francis
260 _c1997
365 _a
365 _b62.99
856 _uhttp://www.taylorfrancis.com/books/9780203985618
942 _cEBOOK
999 _c1810410
_d1810410